00760nam a2200205 a 4500008004100000020001500041050001500056100002000071245008500091260003600176300001300212350000900225650001700234650001100251650001700262700001900279995010900298999001700407952013000424100128s1987 ||||||||||||||||| || u a0313247889 aJC 571 Int aHoward, Rhoda E10aInternational handbook on human rightscedited by Jack Donnelly; Rhoda E. Howard aNew YorkbGreenwood Pressc1987 ax, 495p. a0.00 0aHUMAN RIGHTS aRIGHTS aCIVIL RIGHTS aDonnelly, Jack D0.00FCBU-MAIN LIBRARY (Kitwe)H1I0.00M1UAVAILABLEWJan 28, 2010ZMain Library Open Access Collection c47394d47394 00102lcc4070a001b001cMain Library Open Access Collectiond2022-11-30l0oJC 571 Intp39831r2022-11-30w2022-11-30y002